| 000 | 00925nam a22002297a 4500 | ||
|---|---|---|---|
| 005 | 20250714114924.0 | ||
| 008 | 250714b |||||||| |||| 00| 0 eng d | ||
| 020 | _a978-81-19857-76-0(hbk) | ||
| 037 | _cTB | ||
| 040 |
_aCRL _cCRL |
||
| 041 | _2pun | ||
| 084 |
_aO153,3NDHx R4 _qCRL |
||
| 100 |
_aਪਾਂਧੀ, ਜਗਤਾਰਨ ਸਿੰਘ _9815517 |
||
| 245 | _aਪਾਂਧੀ ਨਨਕਾਣਵੀ ਦੇ ਪੂਰੇ ਸਮਾਜਿਕ ਨਾਟਕ | ||
| 260 |
_aਦਿੱਲੀ, ਭਾਰਤ: _b ਮਨਪ੍ਰੀਤ ਪ੍ਰਕਾਸ਼ਨ, _c2024. |
||
| 300 | _a432 ਪ. | ||
| 365 |
_b1095.00 _cINR |
||
| 650 | _2ਪੰਜਾਬੀ ਸਾਹਿਤ | ||
| 650 | _2ਪੰਜਾਬੀ ਨਾਟਕ | ||
| 942 |
_2CC _cTB _hO153,2NPAx R4 _n0 |
||
| 999 |
_c1433619 _d1433619 |
||